000 00349nam a2200157Ia 4500
100 _aGottfried /Byron S.
250 _a3
942 _cBK
654 _aComputer
245 _aschaums theory and problem of programming with Basics
260 _bMc Graw Hill
_c1982
082 _a5.133
_bGOT
300 _a282
546 _aENGLISH
999 _c33578
_d33578